Najlepsze gry na PlayStation 2 - Według serwisu Metacritic - Statystyki

Ogólne statystyki
  • Ten quiz został rozwiązany 154 razy
    144 od ostatniego zresetowania
  • Średni wynik to 15 z 100
Statystyki odpowiedzi
Średnia na Metacrtic Wydawca Gatunek Tytuł % Poprawnych
95 Rockstar Sandbox - Akcja Grand Theft Auto: San Andreas
91%
95 Rockstar Sand Box - Akcja Grand Theft Auto: Vice City
83%
97 Rockstar Sandbox - Akcja Grand Theft Auto III
80%
96 Capcom Survival Horror Resident Evil 4
59%
88 Namco Bijatyka Tekken 5
54%
96 Konami Skradanka Metal Gear Solid 2: Sons of Liberty
48%
94 Konami Skradanka Metal Gear Solid 3: Snake Eater
48%
93 Konami Sportowa Pro Evolution Soccer 2
40%
92 SquareEnix jRPG Final Fantasy X
39%
94 SCE Santa Monica Slasher God of War
39%
93 SCE Santa Monica Slasher God of War II
36%
95 Polyphony Digital Wyścigi Gran Turismo 3
35%
93 Konami Sportowa Pro Evolution Soccer 3
35%
92 SquareEnix jRPG Final Fantasy XII
34%
89 Polyphony Digital Wyścigi Gran Turismo 4
34%
85 Electronic Arts Wyścigi Need for Speed: Underground
34%
91 Konami Sportowa Pro Evolution Soccer 4
33%
94 Capcom Slasher Devil May Cry
32%
89 Konami Survival Horror Silent Hill 2
32%
88 Insomniac Games Platformówka - Shooter Ratchet & Clank
28%
85 SquareEnox jRPG Final Fantasy XI
27%
91 Harmonix Muzyczna Guitar Hero
27%
87 Valve FPS Half-Life
26%
85 Konami Survival Horror Silent Hill 3
24%
94 Neversoft Sporty Ekstremalne Tony Hawk's Pro Skater 4
24%
92 Harmonix Muzyczna Guitar Hero II
22%
87 Capcom Slasher Devil May Cry 3
21%
88 Electronic Arts Sportowa FIFA 2003
20%
90 Ubisoft Platformówka - Remake Rayman 2: Revolution
19%
88 Electronic Arts FPS Medal of Honor: Frontline
18%
90 Insomniac Games Platformówka - Shooter Ratchet & Clank 2
18%
97 Neversoft Sporty Ekstremalne Tony Hawk's Pro Skater 3
18%
85 Namco Bijatyka Tekken Tag Tournament
17%
89 Ubisoft Skradanka Tom Clancy's Splinter Cell
17%
90 Naughty Dog Platformówka Jak and Daxter: The Precursor Legacy
16%
91 Insomniac Games Platformówka - Shooter Ratchet & Clank 3
14%
86 Criterion Games Wyścigi Burnout 2
13%
92 Ubisoft Slasher Prince of Persia: Sands of Time
13%
91 TeamIco Action Adventure Shadow of the Colossus
13%
89 Atlus jRPG Shin Megami Tensei: Persona 3
13%
93 Electronic Arts Sporty Eskremalne SSX
13%
93 Criterion Games Wyścigi Burnout 3: Takedown
11%
87 Naughty Dog Platformówka - Shooter Jak II
10%
90 Atlus jRPG Shin Megami Tensei: Persona 4
10%
90 Neversoft Sporty Ekstremalne Tony Hawk's Underground
10%
90 Criterion Games Wyścigi Burnout Revenge
9%
85 IO Interactive Skradanka Hitman 2: Silent Assassin
9%
85 RockStar Wyścigi Midnight Club 2
9%
86 Sucker Punch Platformówka - Skradanka Sly Cooper
9%
93 Electronic Arts Sporty Ekstremalne SSX3
9%
92 Electronic Arts Sporty Ekstemalne SSX Tricky
9%
90 TeamIco Action - Adventure Ico
7%
89 Criterion Games Wyścigi Need For Speed Hot Pursuit 2
7%
85 Ubisoft Slasher Prince of Persia: The Two Thrones
7%
86 Namco Bijatyka SoulCalibur III
7%
87 RockStar Action Adventure Canis Canem Edit
6%
86 Codemasters Wyścigi Colin McRae Rally 3
6%
85 Rockstar Wyścigi Midnight Club 3
6%
86 Konami Sportowa Pro Evolution Soccer 2007
6%
92 Namco Bijatyka SoulCalibur 2
6%
94 Sega AM2 Bijatyka Virtua Fighter 4
6%
91 Tecmo Bijatyka Dead or Alive 2
5%
86 BudCat Platformówka Psychonauts
5%
91 Incognito Inc Vehicle Combat Twisted Metal: Black
5%
88 Electronic Arts Sportowa - Bijatyka Fight Night Round 2
4%
85 Electronic Arts Sportowa NHL 2001
4%
85 Electronic Arts Wyścigi NHL 2004
4%
88 Sucker Punch Platformówka - Skradanka Sly 2: Band of Thieves
4%
87 Ubisoft Skradanka Tom Clancy's Splinter Cell Pandora Tomorrow
4%
87 Ubisoft Skradanka Tom Clancy's Splinter Chaos Theory
4%
86 Ubisoft Action Adventure Beyond Good & Evil
3%
85 SquareEnix jRPG Final Fantasy X-2
3%
85 SquareEnix jRPG Kingdom Hearts
3%
87 SquareEnix jRPG Kingdom Hearts II
3%
92 Electronic Arts Sportowa NHL 2002
3%
86 Capcom Slasher Onimusha
3%
89 SquareEnix jRPG Dragon Quest VIII: Journey of the Cursed King
2%
89 Electronic Arts Sportowa NBA Street 3
2%
93 Clover Sudio jRPG - Adventure Okami
2%
85 Capcom Slasher Onimusha 3: Demon Siege
2%
85 Electronic Arts Slasher The Lord of the Rings: The Return of the King
2%
90 Free Radical Design/Eidos FPS TimeSplitters 2
2%
90 Clover Studio Beat 'em up Viewtiful Joe
2%
85 Clover Studio Beat em up Viewtiful Joe 2
2%
89 Namco Symulator Ace Combat 04: Shattered Skies
1%
86 Harmonix Muzyczna Amplitude
1%
87 Snowblind Studios Hack and Slash Baldur's Gate: Dark Alliance
1%
87 Level 5 jRPG Dark Cloud 2
1%
85 Konami Muzyczna DDRMAX: Dance Dance Revolution
1%
84 Atlus jRPG Disgaea: Hour of Darkness
1%
85 Clap Hanz Sportowa Everybody's Golf 3
1%
86 Namco Platformówka - Arcade Katamari Damacy
1%
91 Namco Platformówka Klonoa 2: Lunatea's Vell
1%
85 Electronic Arts Wyścigi Rumble Racing
1%
87 Zipper Interactive TPP Shooter - Tactical Shooter SOCOM II: U.S Navy SEALs
1%
87 Arc System Works Bijatyka GuiltyGear X2
0%
88 Volition Inc. FPS Red Faction
0%
85 Nautilus jRPG Shadow Hearts: Convenant
0%
86 Konami jRPG Suikoden III
0%
86 Namco Platformówka - Arcade We Love Katamari
0%
Nie znaleziono quizów pasujących do podanych kryteriów
Rozkład punktacji
Procent ludzi z każdym wynikiem
Percentyl według liczby udzielonych odpowiedzi
Twoja historia wyników
Nie rozwiązałeś tego quizu od ostatniego zresetowania